| 000 | 00380 a2200157 4500 | ||
|---|---|---|---|
| 001 | 148622 | ||
| 040 | _cEscola São Tomás de Aquino | ||
| 100 | _aBANDEIRA, Pedro | ||
| 240 | 1 | 0 |
_aO fantástico mistério de Feiurinha _lpor |
| 245 | 1 | 0 | _aO fantástico mistério de Feiurinha |
| 300 | _a96 | ||
| 362 | 0 | _a1986 | |
| 440 | 1 | _aFTD | |
| 697 | _a*LITERATURA INFANTO | ||
| 942 | _cBK | ||
| 999 |
_c148622 _d148622 |
||